Makroekonomický vývoj a verejné financie Slovenska v rokoch 2004-2006 v podmienkach EÚ
Salvato in:
| Autore principale: | |
|---|---|
| Natura: | Libro |
| Lingua: | slovacco |
| Pubblicazione: |
Bratislava
Prognostický ústav SAV
2006
|
| Serie: | Pracovné materiály
č. 4 |
| Soggetti: | |
| Tags: |
Nessun Tag, puoi essere il primo ad aggiungerne!!
|
MARC
| LEADER | 00000nam$a2200000$$$4500 | ||
|---|---|---|---|
| 001 | 0055383 | ||
| 005 | 20240223110238.4 | ||
| 022 | |a 0862-9137 | ||
| 041 | 0 | |a slo | |
| 044 | |a SK | ||
| 245 | 1 | 0 | |a Makroekonomický vývoj a verejné financie Slovenska v rokoch 2004-2006 v podmienkach EÚ |c Viera Mokrášová |
| 264 | 1 | |a Bratislava |b Prognostický ústav SAV |c 2006 | |
| 300 | |a 31 s. | ||
| 490 | 1 | |a Pracovné materiály |v č. 4 | |
| 830 | 0 | |a Pracovné materiály |v č. 4 | |
| 610 | 2 | 0 | |a makroekonomika |
| 610 | 2 | 0 | |a vývoj |
| 610 | 2 | 0 | |a financie verejné |
| 610 | 2 | 0 | |a integrácia ekonomická medzinárodná |
| 610 | 2 | 0 | |a ukazovatele |
| 610 | 2 | 0 | |a vývoj sociálny |
| 610 | 2 | 0 | |a mena |
| 610 | 2 | 0 | |a rozpočet štátny |
| 610 | 2 | 0 | |a porovnanie medzinárodné |
| 610 | 2 | 0 | |a výkonnosť ekonomiky |
| 610 | 2 | 0 | |a správa verejná |
| 610 | 2 | 0 | |a Slovensko |
| 610 | 2 | 0 | |a Európska únia |
| 100 | 1 | |a Mokrášová, Viera | |